Statistics for U.S. States that Border Another Country

Click here to take the quiz!

General Stats

  • This quiz has been taken 33 times
  • The average score is 14 of 15

Answer Stats

States that Border CanadaAnswer% Correct
States that Border CanadaWashington
100%
States that Border CanadaMaine
97%
States that Border CanadaMinnesota
97%
States that Border CanadaMontana
97%
States that Border CanadaNew Hampshire
97%
States that Border CanadaNew York
97%
States that Border CanadaNorth Dakota
97%
States that Border CanadaVermont
97%
States that Border CanadaIdaho
94%
States that Border CanadaMichigan
94%
States that Border MexicoArizona
94%
States that Border MexicoCalifornia
94%
States that Border MexicoTexas
94%
States that Border MexicoNew Mexico
90%
States that Border CanadaAlaska
81%

Score Distribution

Percentile by Number Answered

Percent of People with Each Score

Your Score History

You have not taken this quiz